000 00309nam a22001457a 4500
008 230831b ||||| |||| 00| 0 eng d
020 _a9781572735231
041 _aeng
080 _a37
082 _a37LOG
100 _a23
101 _aEDU
245 _aTHE ALPHABET EFFECT
_cLOGAN.K.R
942 _2udc
_cBK
999 _c60228
_d60228